40 Największych miast w województwie łódzkim. - Statystyki

Ogólne statystyki
  • Ten quiz został rozwiązany 22 razy
  • Średni wynik to 23 z 40
Statystyki odpowiedzi
Liczba Ludności Miasto % Poprawnych
658 444 Łódź
100%
67 264 Piotrków Trybunalski
95%
61 353 Pabianice
90%
39 158 Sieradz
90%
52 851 Bełchatów
86%
41 231 Kutno
86%
58 089 Tomaszów Mazowiecki
86%
54 012 Zgierz
86%
45 560 Skierniewice
81%
26 247 Łowicz
76%
16 090 Rawa Mazowiecka
76%
38 848 Zduńska Wola
76%
13 183 Łęczyca
71%
43 417 Radomsko
71%
20 826 Wieluń
71%
11 995 Brzeziny
67%
16 191 Łask
67%
22 090 Aleksandrów Łódzki
62%
19 246 Opoczno
62%
8394 Wieruszów
62%
6410 Pajęczno
57%
6853 Poddębice
57%
2950 Uniejów
57%
19 161 Konstantynów Łódzki
52%
12 143 Koluszki
43%
18 259 Ozorków
43%
3442 Rzgów
43%
3401 Stryków
43%
7173 Tuszyn
38%
7152 Zelów
38%
4047 Krośniewice
33%
5330 Działoszyn
29%
13 216 Głowno
29%
7647 Żychlin
29%
3048 Biała Rawska
24%
3551 Drzewica
24%
5985 Sulejów
24%
3226 Przedbórz
14%
2969 Warta
14%
3417 Złoczew
14%
Nie znaleziono quizów pasujących do podanych kryteriów
Rozkład punktacji
Procent ludzi z każdym wynikiem
Percentyl według liczby udzielonych odpowiedzi
Twoja historia wyników
Nie rozwiązałeś tego quizu